000 00417nam a2200169Ia 4500
008 230524s9999 xx 000 0 und d
020 _a9788173719813
082 _bVER
100 _aMahendra Verma
_942736
245 0 _aIntroduction to Mechanics
250 _a2
260 _aNew Delhi
_bUniversities Press
_c2016
300 _a"XVI,602p;"
500 _aQuantity Number: 1
650 _aMechanics
942 _cBK
999 _c57718
_d57718